La tutela penal del agua

Bibliographic Details
Main Author: Peris Riera, Jaime M.
Format: eBook
Language:Spanish
Published: Madrid : Dykinson, 2011
Subjects:
Online Access:Acceso restringido

MARC

LEADER 00000nam a22000007a 4500
005 20111011095351.0
008 111011s2011 sp |||||s|||| 00||0 spa d
020 |a 978-79-9982-186-3 
035 |a 5919 
040 |a vLex 
090 |c 2649  |d 2649 
100 1 |a Peris Riera, Jaime M. 
245 1 3 |a La tutela penal del agua   |h [Recurso electrn̤ico] /  |c Jaime M. Peris Riera  
256 |a Servicio en ln̕ea. 
260 |a Madrid :  |b Dykinson,  |c 2011 
300 |a 1 recurso electrn̤ico 
506 1 |a Contenido solo disponible en los productos indicados  |d vLex Global  |d vLex Global (Academic Edition, excluding Law Schools)  |d vLex Global (U.S. Academic Edition, Law Schools)  |d vLex Global (U.S. Academic Edition, excluding Law Schools)  |d vLex Global (Academic Edition, Law Schools) 
650 0 4 |a Recursos hidrùlicos  |x Explotacin̤ 
740 0 |a vLex Libros (Servicio en ln̕ea) 
856 4 0 |u http://vlex.com/source/tutela-penal-agua-5919  |z Acceso restringido 
942 |c BOOK